<?xml version="1.0" encoding="UTF-8"?>
<record
    xmlns:xsi="http://www.w3.org/2001/XMLSchema-instance"
    xsi:schemaLocation="http://www.loc.gov/MARC21/slim http://www.loc.gov/standards/marcxml/schema/MARC21slim.xsd"
    xmlns="http://www.loc.gov/MARC21/slim">

  <leader>00316nam a22001097a 4500</leader>
  <controlfield tag="003">NUST</controlfield>
  <datafield tag="082" ind1=" " ind2=" ">
    <subfield code="a">891.4393,MAN</subfield>
  </datafield>
  <datafield tag="100" ind1=" " ind2=" ">
    <subfield code="a">Ahmed, Abu Al-Hassan Mansoor</subfield>
    <subfield code="9">110269</subfield>
  </datafield>
  <datafield tag="245" ind1=" " ind2=" ">
    <subfield code="a">Alif laila o laila  &#x627;&#x644;&#x641; &#x644;&#x6CC;&#x644;&#x6C1; &#x648; &#x644;&#x6CC;&#x644;&#x6C1; (Urdu) / </subfield>
    <subfield code="c">Abu Al-Hassan Mansoor Ahmed</subfield>
  </datafield>
  <datafield tag="650" ind1=" " ind2=" ">
    <subfield code="a"> Urdu Literature</subfield>
  </datafield>
  <datafield tag="942" ind1=" " ind2=" ">
    <subfield code="2">ddc</subfield>
    <subfield code="c">BK</subfield>
  </datafield>
  <datafield tag="999" ind1=" " ind2=" ">
    <subfield code="c">594415</subfield>
    <subfield code="d">594415</subfield>
  </datafield>
  <datafield tag="952" ind1=" " ind2=" ">
    <subfield code="0">0</subfield>
    <subfield code="1">0</subfield>
    <subfield code="2">ddc</subfield>
    <subfield code="4">0</subfield>
    <subfield code="7">0</subfield>
    <subfield code="a">MCS</subfield>
    <subfield code="b">MCS</subfield>
    <subfield code="c">GEN</subfield>
    <subfield code="d">2023-04-03</subfield>
    <subfield code="j">2</subfield>
    <subfield code="l">2</subfield>
    <subfield code="o">891.4393,MAN</subfield>
    <subfield code="p">MCS28673</subfield>
    <subfield code="r">2025-01-17</subfield>
    <subfield code="s">2025-01-06</subfield>
    <subfield code="w">2023-04-03</subfield>
    <subfield code="y">BK</subfield>
    <subfield code="z">Almirah No.66, Shelf No.2</subfield>
  </datafield>
</record>
